[Event "HUN-chT2 Toth 1314"]
[Site "Hungary"]
[Date "2013.09.08"]
[Round "1.3"]
[White "Volford, Istvan"]
[Black "Horvath, Antal Jr"]
[Result "0-1"]
[WhiteElo "1985"]
[BlackElo "2082"]
[PlyCount "72"]
[EventDate "2013.09.08"]
[EventType "team-tourn"]
[EventRounds "11"]
[EventCountry "HUN"]
[SourceTitle "EXT 2016"]
[Source "ChessBase"]
[SourceDate "2015.10.08"]
[SourceVersion "1"]
[SourceVersionDate "2015.10.08"]
[SourceQuality "1"]
[WhiteTeam "Szeged Maroczy II"]
[BlackTeam "Oroshaza"]
[WhiteTeamCountry "HUN"]
[BlackTeamCountry "HUN"]

1. e4 c5 2. Nc3 e6 3. g3 b6 4. Bg2 Bb7 5. f4 d6 6. Nf3 Nd7 7. 0-0 Ngf6 8. d3 Be7 9. h3 Qc7 10. Be3 Rc8 11. g4 a6 12. Ne2 0-0 13. Ng3 c4 14. g5 Ne8 15. Rc1 d5 16. Nh4 h6 17. Qg4 hxg5 18. fxg5 Ne5 19. Qh5 g6 20. Qh6 cxd3 21. cxd3 Qd7 22. Rxc8 Bxc8 23. Bxb6 Qb5 24. Be3 Qxd3 25. Re1 Bb7 26. Bf1 Qc2 27. Re2 Qc7 28. Bg2 Bc5 29. Bxc5 Qxc5+ 30. Kh2 d4 31. Nf3 Nxf3+ 32. Bxf3 d3 33. Rd2 Qe3 34. Rg2 Qxf3 35. Nf5 exf5 36. exf5 Qxg2# 0-1

[Event "HUN-chT2 Maroczy 1112"]
[Site "Hungary"]
[Date "2012.05.06"]
[Round "10"]
[White "Horvath, Antal Jr"]
[Black "Linczer, Janos"]
[Result "1-0"]
[WhiteElo "2050"]
[BlackElo "2178"]
[PlyCount "65"]
[EventDate "2011.09.25"]
[EventType "team-tourn"]
[EventRounds "11"]
[EventCountry "HUN"]
[SourceTitle "EXT 2013"]
[Source "ChessBase"]
[SourceDate "2012.11.22"]
[SourceVersion "1"]
[SourceVersionDate "2012.11.22"]
[SourceQuality "1"]
[WhiteTeam "Oroshaza"]
[BlackTeam "Maroczy"]
[WhiteTeamCountry "HUN"]
[BlackTeamCountry "HUN"]

1. e4 e5 2. Nf3 Nc6 3. Bc4 Be7 4. d4 exd4 5. Nxd4 d6 6. 0-0 Nf6 7. Nc3 Nxd4 8. Qxd4 0-0 9. f4 Be6 10. f5 Bxc4 11. Qxc4 c6 12. Qe2 Nd7 13. Rf3 Ne5 14. Rg3 Bh4 15. Rh3 Bg5 16. Qh5 h6 17. Rg3 Bxc1 18. Rxc1 Kh7 19. Kh1 g6 20. Qe2 Qf6 21. Rf1 g5 22. Nd1 Rad8 23. c4 d5 24. cxd5 cxd5 25. Nc3 d4 26. Nd5 Rxd5 27. exd5 Rd8 28. Qe4 Nc4 29. Rd3 Ne3 30. Rg1 Rd7 31. Rxd4 Re7 32. Qd3 Nxf5 33. g4 1-0

[Event "HUN-chT2 Maroczy 1112"]
[Site "Hungary"]
[Date "2011.11.12"]
[Round "4"]
[White "Horvath, Antal Jr"]
[Black "Borda, Lajos"]
[Result "0-1"]
[WhiteElo "2050"]
[BlackElo "2100"]
[PlyCount "56"]
[EventDate "2011.09.25"]
[EventType "team-tourn"]
[EventRounds "11"]
[EventCountry "HUN"]
[SourceTitle "EXT 2013"]
[Source "ChessBase"]
[SourceDate "2012.11.22"]
[SourceVersion "1"]
[SourceVersionDate "2012.11.22"]
[SourceQuality "1"]
[WhiteTeam "Oroshaza"]
[BlackTeam "Taban Spartacus"]
[WhiteTeamCountry "HUN"]
[BlackTeamCountry "HUN"]

1. e4 c5 2. Nf3 a6 3. d4 cxd4 4. Nxd4 Nf6 5. Nc3 e5 6. Nb3 Bb4 7. f3 d5 8. Bd2 Bxc3 9. Bxc3 Nc6 10. Bd3 Qb6 11. Qe2 dxe4 12. Bxe4 Nxe4 13. Qxe4 0-0 14. 0-0-0 Re8 15. g4 Be6 16. h4 a5 17. Kb1 f6 18. Nc1 Rac8 19. Ne2 Nb4 20. Bxb4 Rc4 21. Qd3 Rxb4 22. b3 a4 23. Nc1 axb3 24. cxb3 e4 25. fxe4 Bxg4 26. Rde1 Qe6 27. Qd5 Bf3 28. Qxe6+ Rxe6 0-1

[Event "HUN-chT2 Maroczy 1112"]
[Site "Hungary"]
[Date "2011.09.25"]
[Round "1"]
[White "Horvath, Antal Jr"]
[Black "Runda, Mate Bence"]
[Result "1/2-1/2"]
[WhiteElo "2050"]
[BlackElo "1926"]
[PlyCount "32"]
[EventDate "2011.09.25"]
[EventType "team-tourn"]
[EventRounds "11"]
[EventCountry "HUN"]
[SourceTitle "EXT 2013"]
[Source "ChessBase"]
[SourceDate "2012.11.22"]
[SourceVersion "1"]
[SourceVersionDate "2012.11.22"]
[SourceQuality "1"]
[WhiteTeam "Oroshaza"]
[BlackTeam "Miskolc EMSE"]
[WhiteTeamCountry "HUN"]
[BlackTeamCountry "HUN"]

1. e4 e6 2. d4 d5 3. Nc3 dxe4 4. Nxe4 Bd7 5. Nf3 Bc6 6. Bd3 Nd7 7. c3 Ngf6 8. Bg5 Be7 9. Bxf6 Nxf6 10. Nxf6+ Bxf6 11. Qc2 Bxf3 12. gxf3 h6 13. 0-0-0 c6 14. Qe2 Qa5 15. Kb1 0-0-0 16. f4 Rhe8 1/2-1/2

[Event "HUN-chT2 Maroczy 1011"]
[Site "Hungary"]
[Date "2010.11.07"]
[Round "5"]
[White "Runda, Mate Bence"]
[Black "Horvath, Antal Jr"]
[Result "1-0"]
[WhiteElo "1866"]
[BlackElo "2010"]
[PlyCount "49"]
[EventDate "2010.09.12"]
[EventType "team-tourn"]
[EventRounds "11"]
[EventCountry "HUN"]
[SourceTitle "EXT 2012"]
[Source "ChessBase"]
[SourceDate "2011.11.24"]
[SourceVersion "1"]
[SourceVersionDate "2011.11.24"]
[SourceQuality "1"]
[WhiteTeam "Miskolc EMSE"]
[BlackTeam "Oroshaza"]
[WhiteTeamCountry "HUN"]
[BlackTeamCountry "HUN"]

1. e4 c5 2. Nf3 e6 3. c3 b6 4. d4 cxd4 5. cxd4 Bb7 6. Nc3 d6 7. Bb5+ Nd7 8. Qa4 a6 9. Bxd7+ Qxd7 10. Qxd7+ Kxd7 11. Be3 Nf6 12. Na4 Kc7 13. Rc1+ Bc6 14. d5 exd5 15. Nd4 b5 16. Rxc6+ Kb7 17. Nb6 Re8 18. Nxd5 Nxd5 19. exd5 Re5 20. Nb3 Rxd5 21. Na5+ Kb8 22. 0-0 Be7 23. Rfc1 b4 24. Rb6+ Ka8 25. Rxa6+ 1-0